00592nam a2200193Ia 4500003000900000005001700009008004100026040003300067041001300100080001000113100001400123245009200137260002500229300001600254700001400270942000700284952009000291999001700381LK-CoDNM20230916105738.0010623t1906 xxu||||| |||| 00| 1 eng d aLK-CoDNMdLK-CoDNMeLK-CoDNM aengatam a12AA6 aPope,G.U. aA Hand book of the ordinary Dialect of the Tamil Language : An English-Tamil Dictionary bOxfordaLondonc1906 b108p., 22cm aPope,G.U. cBK 001040708OBCaMAINbMAINd2023-08-02l0o12 AA6pOB328r2023-08-02w2023-08-02yBK c86183d86183